The 500 Game Quiz Stats

 Plays Quiz Updated Jul 24, 2015

Also try: 1000th Quiz
Challenge
Share
Tweet
Embed
Score 0/20 Timer 05:00
3 Plays Today
Question Answer % Correct
This legendary bird lived for 500 years before burning itself in a pyre and then rising again from its ashes.Phoenix
94.1%
In this system, D represents 500.Roman numeral
89.6%
This magazine's 500 Greatest Songs list is topped by a Bob Dylan song containing the magazine's title.Rolling Stone
83.2%
On August 11, 1929, the man became the first MLB player to hit 500 home runs.Babe Ruth
81.6%
In 1931, 500 Fifth Avenue was completed by the same firm and in the same year as this other NYC building.Empire State Building
72.9%
This is the term for 20 quires of paper, which is usually 500 sheets.Ream
63.3%
Nearly every year since 1934, the winner of the Indianapolis 500 has drunk this beverage to celebrate.Milk
59.7%
This 2009 romantic comic drama featured Joseph Gordon-Levitt and Zooey Deschanel with a non-linear plot.(500) Days of Summer
55.3%
This Italian car manufacturer produced the 500 from 1957 to 1975 and then in 2007 introduced the Nuova 500.Fiat
54.8%
This cartoon within the Simpsons cartoon had a spoof episode called '500 Easy Pieces.'Itchy and Scratchy
53.5%
Question Answer % Correct
Until 2011, the 500 Kroner note from this country featured a picture of Niels Bohr.Denmark
51.6%
In 2010, this western NFL team was the first ever to make it to the playoffs with a record under 0.500 during a full 16 game season.Seattle Seahawks
42.5%
These are the only prime factors of 500.Two and five
41.9%
This magazine annually ranks the top 500 public corporations in the United States.Fortune
37.3%
This index has been published since 1957 based on the prices of 500 large-cap US common stocks.S&P 500
37.2%
This Scottish band featuring identical twin brothers had their biggest hit with 'I'm Gonna Be (500 Miles).'The Proclaimers
35.5%
In 500 BCE, Darius I declared Aramaic to be the official language of this empire.Persia
31.3%
This author created Bartholomew Cubbins, the character known for his 500 hats that keep appearing on his head.Dr. Seuss
29.9%
'500 Degreez' is the 3rd studio album of this New Orleans based hip hop artist born Dwayne Michael Carter, Jr.Lil Wayne
24.9%
500 is an American trick-taking game that is most similar to this card game that is popular in the US Midwest.Euchre
16.4%

You're not logged in!

Compare scores with friends on all Sporcle quizzes.
OR
Log In

You Might Also Like...

Show Comments

Extras

Top Quizzes Today


Score Distribution

Your Account Isn't Verified!

In order to create a playlist on Sporcle, you need to verify the email address you used during registration. Go to your Sporcle Settings to finish the process.

Report this User

Report this user for behavior that violates our Community Guidelines.

Details: